000 01684cam a22004574i 4500
003 PE-LiUPU
005 20250731173128.0
008 150623s r 000 0 d
020 _a0963584502
035 _a(Sirsi) i9780963584502
040 _aPE-LiUPU
_bspa
_cPE-LiUPU
_erda
049 _aPRUA
082 0 4 _a220.52
_bR64
_221
100 1 _aRiplinger, G. A.,
_eautor.
245 1 0 _aNew age Bible versions /
_cG. A. Riplinger.
264 1 _aMunroe Falls, Ohio :
_bA. V. Publications,
_c1994.
300 _a690 páginas :
_bilustraciones tablas ;
_c21 centímetros
336 _atext
_2rdacontent
337 _aunmediated
_2rdamedia
338 _avolume
_2rdacarrier
504 _aIncluye bibliografía.
505 0 _aThe message, the men and the manuscripts. -The message: The worshipped the dragon. The new christianity. Another gospel & another God. Christ or anticrhist. -The men & the manuscripts: The men. The manuscripts. Back to the future.
526 _aSEG42
526 _aSEG41
526 _aSEG40
526 _aSEG39
526 _aP94
526 _aP87
526 _aP86
526 _aP85
526 _aP77
526 _aP76
526 _aP35
650 0 4 _aVersiones de la Biblia y Nueva Era.
942 _2ddc
_cBOOK
949 _a220.52 R64
_wDEWEY
_c1
_i51482
_lCCODEBUL1
_mBUL
_p12.00
_r0
_sY
_tBOOK
_u2015-6-24
_xTEOLOGIA
_PP35
_0COMPRA
_o.STAFF. Colección General
994 _aC0
_bPEPRU
596 _a1
999 _a220.52 R64
_wDEWEY
_c33206
_i51482
_f2021-11-9
_g5
_lCCODEBUL1
_mBUL
_p12.00
_r0
_sY
_tBOOK
_u2015-6-24
_xTEOLOGIA
_PP35
_0COMPRA
_o.STAFF. Colección General
_d33206
980 _81
_gALBERTO SANCHEZ Responsable de Automatización